Civilizations beyond earth (Record no. 18337)

MARC details
000 -LEADER
fixed length control field 00603nam a2200193Ia 4500
003 - CONTROL NUMBER IDENTIFIER
control field IN-BaIIA
008 - FIXED-LENGTH DATA ELEMENTS--GENERAL INFORMATION
fixed length control field 211028s9999 xx 000 0 eng d
020 ## - INTERNATIONAL STANDARD BOOK NUMBER
International Standard Book Number 978-0-85745-211-5
040 ## - CATALOGING SOURCE
Transcribing agency IIA Library
080 ## - UNIVERSAL DECIMAL CLASSIFICATION NUMBER
Universal Decimal Classification number 52-37
Item number CIV
245 #0 - TITLE STATEMENT
Title Civilizations beyond earth
Remainder of title extraterrestrial life and society
Statement of responsibility, etc. edited by Douglas A. Vakoch and A. A. Harrison
260 ## - PUBLICATION, DISTRIBUTION, ETC.
Place of publication, distribution, etc. New York
Name of publisher, distributor, etc. Berghahn Books
Date of publication, distribution, etc. 2011
300 ## - PHYSICAL DESCRIPTION
Extent xii, 250p.
650 ## - SUBJECT ADDED ENTRY--TOPICAL TERM
Topical term or geographic name entry element Astronomy-biological properties
9 (RLIN) 35136
650 ## - SUBJECT ADDED ENTRY--TOPICAL TERM
Topical term or geographic name entry element Earth
700 ## - ADDED ENTRY--PERSONAL NAME
Personal name Harrison, Albert A., ed.
9 (RLIN) 35137
700 ## - ADDED ENTRY--PERSONAL NAME
Personal name Vakoch, Douglas A
9 (RLIN) 35138
942 ## - ADDED ENTRY ELEMENTS (KOHA)
Koha item type Books
Holdings
Withdrawn status Lost status Damaged status Not for loan Home library Current library Shelving location Date acquired Source of acquisition Cost, normal purchase price Total Checkouts Full call number Barcode Date last seen Cost, replacement price Price effective from Koha item type Purchase Price
        IIA Library-Bangalore IIA Library-Bangalore General Stacks 23/08/2012 BBI 1946.00   52-37/ CIV 19259 05/11/2021 1946.00 23/08/2012 Books Rs. 1946.00

Powered by Koha